000 00335 a2200133 4500
082 _a297.4
090 _c6004
_d6004
100 _aIbn 'Ata' Illah.
245 _aSufi Aphorisms.
_bKitab al-Hikam.
_cIbn 'Ata' Illah
260 _aLahore.
_bSuhail Academy.
_c1999.
300 _a88p.
500 _aHardcover
942 _aNBS
_cBK
_k297.4 ATA
999 _c348393
_d348393